| 000 | 00966nam a2200289 i 4500 | ||
|---|---|---|---|
| 001 | 12580 | ||
| 003 | ES-MaACL | ||
| 005 | 20230906150342.0 | ||
| 007 | t| | ||
| 008 | 940202s1993 sp |||| | spa j | ||
| 020 | _a84-88344-02-3 | ||
| 080 | _a860(82) Fernádez, Macedonio 7 Museo de la Novela de la Eterna.06 | ||
| 080 | _a860(82)-31"19" | ||
| 100 | 1 |
_aFernández, Macedonio. _949401 |
|
| 245 | 1 | 0 |
_aMuseo de la novela de la Eterna / _cMacedonio Fernández. |
| 250 |
_aEd. crítica _bAna Camblong, Adolfo de Obieta, 1ª ed. |
||
| 260 |
_a[Madrid] : _bALLCA XX, _c1993. |
||
| 300 |
_aLXXIX, 591 p. : _b1 retr. ; _c25 cm. |
||
| 490 | 1 |
_aColección Archivos ; _v25 |
|
| 500 | _aBibliografía. | ||
| 600 | 1 | 4 |
_aFernández, Macedonio- _xCrítica e interpretación. _9148060 |
| 700 | 1 |
_aCamblong, Ana. _934030 |
|
| 700 | 1 |
_aObieta, Adolfo de. _986403 |
|
| 830 | 0 |
_aColección Archivos ; _v25 _9178295 |
|
| 852 |
_aES-MaACL _jL-19858 |
||
| 999 |
_c12580 _d12580 |
||